[Event "Feffernitz Raika op 17th"]
[Site "Feffernitz"]
[Date "2008.08.17"]
[Round "1"]
[White "Praznik, Anton"]
[Black "Rochleder, Eric"]
[Result "1-0"]
[WhiteElo "2241"]
[BlackElo "1711"]
[PlyCount "71"]
[EventDate "2008.08.17"]
[EventType "swiss"]
[EventRounds "9"]
[EventCountry "AUT"]
[SourceTitle "CBM 126 Extra"]
[Source "ChessBase"]
[SourceDate "2008.11.05"]
[SourceVersion "1"]
[SourceVersionDate "2008.11.05"]
[SourceQuality "1"]

1. e4 c5 2. Nf3 d6 3. d4 cxd4 4. Nxd4 Nf6 5. Nc3 g6 6. g3 Bg7 7. Bg2 0-0 8. 0-0 a6 9. a4 Bg4 10. f3 Bc8 11. h3 Nc6 12. Nde2 Qb6+ 13. Kh2 Bd7 14. g4 Rac8 15. g5 Nh5 16. Nd5 Qd8 17. f4 e6 18. Ndc3 Bxc3 19. Nxc3 Be8 20. Bf3 Ng7 21. Be3 Qe7 22. Qd2 f5 23. Rad1 Rd8 24. Rfe1 Nb4 25. Bd4 e5 26. Nd5 Nxd5 27. exd5 Bxa4 28. fxe5 dxe5 29. Bxe5 Bb5 30. d6 Qd7 31. Bd5+ Kh8 32. c4 Bc6 33. Bxg7+ Qxg7 34. Re7 Bxd5 35. Rxg7 Kxg7 36. Qd4+ 1-0